01171naa#a2200205#i#4500001001600000005001700016011001400033100004100047102000700088200024500095210021400340215001100554608004500565675012200610700005600732700006000788700004800848700005200896856001700948RU\\bibl\12671620260630010842.2##a2223-9987##a20260629b2026####ek#y0rusy0150####ca##aRU1#aСистема автоматического управления энергопотреблением подогреваемого тротуара на основе резистивного кабеляeЖурнальная статья1#aСанкт-ПетербургcФГБОУ ВО "Петербургский государственный университет путей сообщения Императора Александра I"d2026##a18 с.##aЖурнальная статья2local##aЭлектроизмерительная техника. Радиоизмерительная техника. 621.317#1aСоловьевgБогдан Алексеевич#1aГамисонияgГиорги Кахаберович#1aАюповgАрслан Динарович#1aХазиеваgРегина Тагировна4#aatjournal.ru